000 00378nam a2200145Ia 4500
008 210716s1993 xx 000 0 und d
020 _a0195077377
041 _aeng
082 _a332.094 KINC
100 _aKindleberger, Charles P.
245 _aFinancial history of Western Europe.
250 _a2
260 _aNew York
_bOxford University Press
_c1993
300 _axix,524
999 _c200818
_d200818